Statistics for Dota 2 Heroes By Ultimate

Click here to take the quiz!

General Stats

  • This quiz has been taken 75 times
  • The average score is 81 of 119

Answer Stats

UltimateHero Name% Correct
Echo SlamEarthshaker
98%
Laguna BladeLina
98%
Chemical RageAlchemist
97%
DoomDoom
97%
ChronosphereFaceless Void
95%
GhostshipKunkka
95%
DuelLegion Commander
95%
RavageTidehunter
95%
Culling BladeAxe
93%
InfestLifestealer
93%
DismemberPudge
93%
EpicenterSand King
93%
Mana VoidAnti-Mage
92%
OmnislashJuggernaut
92%
Coup de GracePhantom Assassin
92%
Primal RoarBeastmaster
90%
TrackBounty Hunter
90%
GrowTiny
90%
Elder Dragon FormDragon Knight
89%
MarksmanshipDrow Ranger
89%
Black HoleEnigma
89%
RelocateIo
89%
Reverse PolarityMagnus
89%
AssassinateSniper
87%
SunderTerrorblade
87%
Walrus PunchTusk
87%
Nether SwapVengeful Spirit
87%
Guardian AngelOmniknight
85%
Primal SplitBrewmaster
84%
HookshotClockwerk
84%
InvokeInvoker
84%
Finger of DeathLion
84%
JuxtaposePhantom Lancer
84%
God's StrengthSven
84%
Viper StrikeViper
84%
EarthsplitterElder Titan
82%
EclipseLuna
82%
MorphMorphling
82%
Song of the SirenNaga Siren
82%
Stone GazeMedusa
80%
Borrowed TimeAbaddon
79%
Psionic TrapTemplar Assassin
79%
OvergrowthTreant Protector
79%
Chaotic OfferingWarlock
79%
RuptureBloodseeker
77%
StampedeCentaur Warrunner
77%
ReincarnationWraith King
77%
Call DownGyrocopter
75%
Fire RemnantEmber Spirit
74%
Life BreakHuskar
74%
Wukong's CommandMonkey King
74%
MulticastOgre Magi
74%
HauntSpectre
74%
Flaming LassoBatrider
72%
VendettaNyx Assassin
72%
Fiend's GripBane
70%
PhantasmChaos Knight
70%
MagnetizeEarth Spirit
69%
MacropyreJakiro
69%
SupernovaPhoenix
69%
Life DrainPugna
69%
Eye of the StormRazor
67%
UntouchableEnchantress
66%
Dream CoilPuck
66%
Ball LightningStorm Spirit
66%
Death WardWitch Doctor
64%
WarpathBristleback
62%
Hand of GodChen
62%
Freezing FieldCrystal Maiden
62%
Wall of ReplicaDark Seer
62%
Chain FrostLich
62%
ShapeshiftLycan
62%
Requiem of SoulsShadow Fiend
62%
Global SilenceSilencer
62%
ChakramTimbersaw
62%
Battle TranceTroll Warlord
62%
Spell StealRubick
61%
Reaper's ScytheNecrophos
59%
Poison NovaVenomancer
59%
Time LapseWeaver
59%
Tempest DoubleArc Warden
57%
ExorcismDeath Prophet
57%
Divided We StandMeepo
57%
Sonic WaveQueen of Pain
57%
Demonic PurgeShadow Demon
57%
RearmTinker
57%
Flesh GolemUndying
57%
Mortimer KissesSnapfire
56%
Winter's CurseWinter Wyvern
56%
Ice BlastAncient Apparition
54%
True FormLone Druid
52%
Bad JujuDazzle
51%
False PromiseOracle
51%
EnrageUrsa
51%
Thundergod's WrathZeus
51%
Moonlight ShadowMirana
49%
Remote MinesTechies
49%
Focus FireWindranger
48%
SharpshooterHoodwink
46%
Corrosive HazeSlardar
46%
Shadow DanceSlark
46%
Wrath of NatureNature's Prophet
44%
Mass Serpent WardShadow Shaman
44%
Bedlam/TerrorizeDark Willow
43%
Summon FamiliarsVisage
43%
SoulbindGrimstroke
39%
Rolling ThunderPangolier
39%
Cloak and DaggerRiki
39%
Astral StepVoid Spirit
39%
Static StormDisruptor
38%
Nether StrikeSpirit Breaker
38%
Dark AscensionNight Stalker
34%
Mystic FlareSkywrath Mage
34%
Sanity's EclipseOutworld Destroyer
33%
Insatiable HungerBroodmother
31%
Death PactClinkz
31%
Pulse NovaLeshrac
31%
Spirit FormKeeper of the Light
30%
Dark RiftUnderlord
25%

Score Distribution

Percentile by Number Answered

Percent of People with Each Score

Your Score History

You have not taken this quiz